Polskie kluby od Ekstraklasy do 3. ligi - Statystyki

Ogólne statystyki
  • Ten quiz został rozwiązany 396 razy
  • Średni wynik to 93 z 127
Statystyki odpowiedzi
Miasto Liga Klub % Poprawnych
Poznań 2. liga Lech II Poznań
99%
Poznań Ekstraklasa Lech Poznań
99%
Częstochowa Ekstraklasa Raków Częstochowa
99%
Zabrze 3. liga, grupa III Górnik II Zabrze
97%
Łęczna Ekstraklasa Górnik Łęczna
97%
Polkowice 1. liga Górnik Polkowice
97%
Zabrze Ekstraklasa Górnik Zabrze
97%
Gdańsk Ekstraklasa Lechia Gdańsk
97%
Tomaszów Mazowiecki 3. liga, grupa I Lechia Tomaszów Mazowiecki
97%
Zielona Góra 3. liga, grupa III Lechia Zielona Góra
97%
Grodzisk Mazowiecki 2. liga Pogoń Grodzisk Mazowiecki
97%
Szczecin 3. liga, grupa II Pogoń II Szczecin
97%
Nowe Skalmierzyce 3. liga, grupa II Pogoń Nowe Skalmierzyce
97%
Siedlce 2. liga Pogoń Siedlce
97%
Szczecin Ekstraklasa Pogoń Szcecin
97%
Warszawa 3. liga, grupa I Legia II Warszawa
96%
Warszawa Ekstraklasa Legia Warszawa
96%
Gliwice Ekstraklasa Piast Gliwice
96%
Żmigród 3. liga, grupa III Piast Żmigród
96%
Kraków Ekstraklasa Wisła Kraków
96%
Płock Ekstraklasa Wisła Płock
96%
Puławy 2. liga Wisła Puławy
96%
Sandomierz 3. liga, grupa IV Wisła Sandomierz
96%
Gdynia 1. liga Arka Gdynia
95%
Radom Ekstraklasa Radomiak Radom
95%
Wrocław 2. liga Śląsk II Wrocław
95%
Wrocław Ekstraklasa Śląsk Wrocław
95%
Lubin 3. liga, grupa III Zagłębie II Lubin
95%
Lubin Ekstraklasa Zagłębie Lubin
95%
Sosnowiec 1. liga Zagłębie Sosnowiec
95%
Kraków Ekstraklasa Cracovia
94%
Kraków 3. liga, grupa IV Cracovia II
94%
Białystok Ekstraklasa Jagiellonia Białystok
94%
Białystok 3. liga, grupa I Jagiellonia II Białystok
94%
Brzeg 3. liga, grupa III Stal Brzeg
94%
Mielec Ekstraklasa Stal Mielec
94%
Rzeszów 2. liga Stal Rzeszów
94%
Stalowa Wola 3. liga, grupa IV Stal Stalowa Wola
94%
Goczałkowice Zdrój 3. liga, grupa III LKS Goczałkowice Zdrój
93%
Łódź 3. liga, grupa I ŁKS II Łódź
93%
Łagów 3. liga, grupa IV ŁKS Łagów
93%
Łódź 1. liga ŁKS Łódź
93%
Bełchatów 2. liga GKS Bełchatów
92%
Jastrzębie Zdrój 1. liga GKS Jastrzębie
92%
Katowice 1. liga GKS Katowice
92%
Przodkowo 3. liga, grupa II GKS Przodkowo
92%
Tychy 1. liga GKS Tychy
92%
Wikielec 3. liga, grupa I GKS Wikielec
92%
Gorzów Wielkopolski 3. liga, grupa III Warta Gorzów Wielkopolski
92%
Poznań Ekstraklasa Warta Poznań
92%
Kielce 1. liga Korona Kielce
91%
Rzeszów 3. liga, grupa IV Korona Rzeszów
91%
Łódź 1. liga Widzew Łódź
91%
Nieciecza Ekstraklasa Bruk-Bet Termalica Nieciecza
90%
Chorzów 2. liga Ruch Chorzów
90%
Legnica 3. liga, grupa III Miedź II Legnica
88%
Legnica 1. liga Miedź Legnica
88%
Niepołomice 1. liga Puszcza Niepołomice
88%
Opole 1. liga Odra Opole
87%
Wodzisław Śląski 3. liga, grupa III Odra Wodzisław Śląski
87%
Lublin 2. liga Motor Lublin
85%
Głogów 1. liga Chrobry Głogów
84%
Kalisz 2. liga KKS 1925 Kalisz
84%
Nowy Sącz 1. liga Sandecja Nowy Sącz
84%
Bytom 3. liga, grupa III Polonia Bytom
83%
Środa Wielkopolska 3. liga, grupa II Polonia Środa Wielkopolska
83%
Warszawa 3. liga, grupa I Polonia Warszawa
83%
Biała Piska 3. liga, grupa I Znicz Biała Piska
83%
Pruszków 2. liga Znicz Pruszków
83%
Elbląg 2. liga Olimpia Elbląg
82%
Grudziądz 3. liga, grupa II Olimpia Grudziądz
82%
Bielsko-Biała 1. liga Podbeskidzie Bielsko-Biała
82%
Olsztyn 1. liga Stomil Olsztyn
82%
Chojnice 2. liga Chojniczanka Chojnice
81%
Rzeszów 1. liga Resovia
81%
Częstochowa 1. liga Skra Częstochowa
78%
Janikowo 3. liga, grupa II Unia Janikowo
77%
Skierniewice 3. liga, grupa I Unia Skierniewice
77%
Tarnów 3. liga, grupa IV Unia Tarnów
77%
Kraków 2. liga Hutnik Kraków
76%
Suwałki 2. liga Wigry Suwałki
75%
Kołobrzeg 3. liga, grupa II Kotwica Kołobrzeg
72%
Bydgoszcz 3. liga, grupa II Zawisza Bydgoszcz
67%
Kraków 2. liga Garbarnia Kraków
65%
Kutno 3. liga, grupa I KS Kutno
64%
Aleksandrów Łódzki 3. liga, grupa I Sokół Aleksandrów Łódzki
62%
Kleczew 3. liga, grupa II Sokół Kleczew
62%
Ostróda 2. liga Sokół Ostróda
62%
Sieniawa 3. liga, grupa IV Sokół Sieniawa
62%
Stężyca 2. liga Radunia Stężyca
61%
Nowy Dwór Mazowiecki 3. liga, grupa I Świt Nowy Dwór Mazowiecki
60%
Szczecin 3. liga, grupa II Świt Skolwin
60%
Tarnobrzeg 3. liga, grupa IV Siarka Tarnobrzeg
57%
Radom 3. liga, grupa I Broń Radom
55%
Gdynia 3. liga, grupa II Bałtyk Gdynia
54%
Koszalin 3. liga, grupa II Bałtyk Koszalin
54%
Kluczbork 3. liga, grupa III MKS Kluczbork
54%
Świdnik 3. liga, grupa IV Avia Świdnik
53%
Legionowo 3. liga, grupa I Legionovia Legionowo
51%
Bielsko-Biała 3. liga, grupa III Rekord Bielsko-Biała
51%
Chełm 3. liga, grupa IV Chełmianka Chełm
49%
Ostrowiec Świętokrzyski 3. liga, grupa IV KSZO 1929 Ostrowiec Świętokrzyski
49%
Wrocław 3. liga, grupa III Ślęza Wrocław
49%
Stargard 3. liga, grupa II Błękitni Stargard
48%
Łowicz 3. liga, grupa I Pelikan Łowicz
47%
Dębica 3. liga, grupa IV Wisłoka Dębica
41%
Nowy Targ 3. liga, grupa IV Podhale Nowy Targ
38%
Warszawa 3. liga, grupa I Ursus Warszawa
38%
Jarocin 3. liga, grupa II Jarota Jarocin
34%
Połaniec 3. liga, grupa IV Czarni Połaniec
33%
Gać 3. liga, grupa III Foto-Higiena Gać
32%
Gubin 3. liga, grupa III Carina Gubin
31%
Radzyń Podlaski 3. liga, grupa IV Orlęta Radzyń Podlaski
29%
Błonie 3. liga, grupa I Błonianka Błonie
26%
Jelenia Góra 3. liga, grupa III Karkonosze Jelenia Góra
26%
Białobrzegi 3. liga, grupa I Pilica Białobrzegi
26%
Tarnowskie Góry 3. liga, grupa III Gwarek Tarnowskie Góry
23%
Giżycko 3. liga, grupa I Mamry Giżycko
23%
Biała Podlaska 3. liga, grupa IV Podlasie Biała Podlaska
22%
Toruń 3. liga, grupa II Elana Toruń
21%
Tomaszów Lubelski 3. liga, grupa IV Tomasovia Tomaszów Lubelski
21%
Pawłowice 3. liga, grupa III Pniówek Pawłowice
16%
Szczuczyn 3. liga, grupa I Wissa Szczuczyn
16%
Gniewino 3. liga, grupa II Stolem Gniewino
15%
Wólka Pełkińska 3. liga, grupa IV Wólczanka Wólka Pełkińska
15%
Starogard Gdański 3. liga, grupa II KP Starogard Gdański
14%
Stargard 3. liga, grupa II Kluczevia Stargard
11%
Nie znaleziono quizów pasujących do podanych kryteriów
Rozkład punktacji
Procent ludzi z każdym wynikiem
Percentyl według liczby udzielonych odpowiedzi
Twoja historia wyników
Nie rozwiązałeś tego quizu